100 najlepszych polaków w EA FC 24 - Statystyki

Ogólne statystyki
  • Ten quiz został rozwiązany 345 razy
  • Średni wynik to 47 z 100
Statystyki odpowiedzi
Overall Klub Pozycja Zawodnik % Poprawnych
90 FC Barcelona N Robert Lewandowski
100%
86 Juventus BR Wojciech Szczęsny
98%
83 Napoli ŚP Piotr Zieliński
96%
81 Juventus N Arkadiusz Milik
95%
79 Aston Villa PO Matty Cash
91%
76 Roma PP Nicola Zalewski
91%
79 West Ham BR Łukasz Fabiański
89%
79 Lens CPS Przemysław Frankowski
89%
75 AEK Ateny ŚPD Damian Szymański
88%
77 Fenerbahce ŚPO Sebastian Szymański
88%
77 Bologna BR Łukasz Skorupski
86%
74 Arsenal ŚO Jakub Kiwior
85%
73 OGC Nice BR Marcin Bułka
85%
75 FC Kopenhaga BR Kamil Grabara
82%
68 Lech Poznań BR Filip Bednarek
81%
74 Southampton ŚO Jan Bednarek
81%
77 Spezia BR Bartłomiej Drągowski
80%
74 Charlotte N Karol Świderski
78%
75 Abha Club ŚPD Grzegorz Krychowiak
77%
75 Wolfsburg LS Jakub Kamiński
77%
71 Schalke ŚO Marcin Kamiński
77%
74 Brighton ŚP Jakub Moder
75%
73 Pogoń Szczecin LP Kamil Grosicki
74%
73 Başakşehir N Krzysztof Piątek
72%
73 Red Bull Salzburg ŚO Kamil Piątkowski
64%
74 Torino ŚP Karol Linetty
63%
72 Antalyaspor N Adam Buksa
61%
70 Legia Warszawa ŚO Artur Jędrzejczyk
59%
73 Hellas Verona ŚO Paweł Dawidowicz
58%
69 FC Kaiserslautern, LO Tymoteusz Puchacz
57%
71 Club Brugge PP Michał Skóraś
56%
73 Werder Brema N Dawid Kownacki
55%
74 DC United ŚP Mateusz Klich
55%
70 Legia Warszawa PP Paweł Wszołek
55%
74 Spezia ŚP Szymon Żurkowski
54%
67 Legia Warszawa BR Kacper Tobiasz
51%
72 Birmingham ŚPD Krystian Bielik
51%
70 AS Monaco BR Radosław Majecki
51%
72 Empoli CPS Bartosz Bereszyński
50%
69 Legia Warszawa ŚPO Bartosz Kapustka
50%
73 PAOK PO Tomasz Kędziora
50%
69 Charlotte PP Kamil Jóźwiak
49%
69 Norwich City LP Przemysław Płacheta
48%
77 Ankaragücü BR Rafał Gikiewicz
48%
72 Spezia LP Arkadiusz Reca
47%
71 Lech Poznań ŚO Bartosz Salamon
47%
69 Legia Warszawa ŚP Bartosz Slisz
47%
73 Hertha LO Michał Karbownik
46%
71 Augsburg PO Robert Gumny
46%
70 Empoli ŚO Sebastian Walukiewicz
46%
72 Heerenveen ŚO Paweł Bochniewicz
42%
70 Vittese LP Kacper Kozłowski
41%
72 Cagliari ŚO Mateusz Wieteska
41%
70 Raków Częstochowa ŚN Bartosz Nowak
39%
71 Huddersfield ŚO Michał Helik
39%
69 Jagiellonia ŚPD Taras Romanczuk
39%
71 Piast Gliwice PP Damian Kądzior
38%
68 Celtic Glasgow ŚO Maik Nawrocki
38%
67 Lech Poznań ŚPO Filip Marchwiński
37%
69 Legia Warszawa LP Patryk Kun
36%
72 Zagłębie Lubin ŚPD Damian Dąbrowski
35%
70 Lech Poznań ŚPD Radosław Murawski
35%
67 Lech Poznań BR Bartosz Mrozek
34%
68 Raków Częstochowa ŚP Ben Lederman
33%
68 Millwall BR Bartosz Białkowski
32%
67 Parma N Adrian Benedyczak
31%
67 Portland Timbers N Jarosław Niezgoda
31%
68 Borussia Dortmund BR Marcel Lotka
31%
68 Raków Częstochowa N Łukasz Zwoliński
30%
67 Legia Warszawa ŚO Rafał Augustyniak
30%
68 Piast Gliwice ŚO Jakub Czerwiński
29%
71 Henan Songshan Longmen ŚP Adrian Mierzejewski
28%
67 Widzew Łódź LP Bartłomiej Pawłowski
28%
67 Raków Częstochowa N Fabian Piasecki
28%
67 Spezia ŚO Przemysław Wiśniewski
28%
70 Genoa ŚP Filip Jagiełło
27%
68 Houston Dynamo ŚPO Sebastian Kowalczyk
26%
67 Young Boys ŚPD Łukasz Łakomy
24%
68 K.A.S. Eupen N Bartosz Białek
23%
67 Strasbourg CPS Karol Fila
23%
68 Radomiak Radom ŚPO Rafał Wolski
23%
67 Radomiak Radom LO Dawid Abramowicz
20%
68 Chicago Fire N Kacper Przybyłko
17%
67 Stal Mielec CLS Krystian Getinger
17%
68 Wellington Phoenix N Oskar Zawada
17%
68 Bordeaux BR Rafał Strączek
17%
68 Raków Częstochowa CLS Kamil Pestka
16%
68 Greuther Fürth ŚO Damian Michalski
14%
68 Jagiellonia ŚPD Jarosław Kubicki
14%
68 Hamburger SV ŚPD Łukasz Poręba
14%
67 St. Pauli ŚO Adam Dźwigała
13%
67 Stal Mielec LP Maciej Domański
13%
69 Wycombe Wanderers BR Maksymilian Stryjek
12%
67 Legia Warszawa ŚPD Patryk Sokołowski
12%
68 Warta Poznań ŚO Dawid Szymonowicz
11%
67 Zagłębie Lubin ŚO Bartosz Kopacz
10%
67 Ohod PS Konrad Michalak
10%
67 Stal Mielec ŚO Mateusz Matras
10%
67 Macarthur FC BR Filip Kurto
9%
67 IK Sirius BR Filip Majchrowicz
7%
Nie znaleziono quizów pasujących do podanych kryteriów
Rozkład punktacji
Procent ludzi z każdym wynikiem
Percentyl według liczby udzielonych odpowiedzi
Twoja historia wyników
Nie rozwiązałeś tego quizu